Willis's Elements of Quantity Surveying / (Record no. 121469)

MARC details
000 -LEADER
fixed length control field 01503nam a22002533i 4500
001 - CONTROL NUMBER
control field BDZ0050058311
003 - CONTROL NUMBER IDENTIFIER
control field StDuBDS
005 - DATE AND TIME OF LATEST TRANSACTION
control field 20230418110205.0
008 - FIXED-LENGTH DATA ELEMENTS--GENERAL INFORMATION
fixed length control field 230418s2023 nju g 000 0 eng d
020 ## - INTERNATIONAL STANDARD BOOK NUMBER
International Standard Book Number 9781119869023 :
Terms of availability 29.99
040 ## - CATALOGING SOURCE
Original cataloging agency StDuBDS
Language of cataloging eng
Description conventions rda
Transcribing agency StDuBDS
100 1# - MAIN ENTRY--PERSONAL NAME
Personal name Lee, Sandra,
Relator term author.
245 10 - TITLE STATEMENT
Title Willis's Elements of Quantity Surveying /
Statement of responsibility, etc. Sandra Lee.
Medium [ON ORDER]
250 ## - EDITION STATEMENT
Edition statement 13th edition.
264 #1 - PRODUCTION, PUBLICATION, DISTRIBUTION, MANUFACTURE, AND COPYRIGHT NOTICE
Place of production, publication, distribution, manufacture Hoboken :
Name of producer, publisher, distributor, manufacturer John Wiley & Sons, Inc.,
Date of production, publication, distribution, manufacture, or copyright notice 2023.
300 ## - PHYSICAL DESCRIPTION
Extent 1 volume
336 ## - CONTENT TYPE
Content type term text
Source rdacontent
338 ## - CARRIER TYPE
Carrier type term volume
Source rdacarrier
366 ## - TRADE AVAILABILITY INFORMATION
Detailed date of publication 20230314
Availability status code Not yet available
520 ## - SUMMARY, ETC.
Summary, etc. Willis’s Elements of Quantity Surveying has become a standard text in the teaching of building measurement – a core part of the degree curriculum for quantity surveyors. The book will be fully updated to follow the guidance given by RICS NRM 1 & 2. As in previous editions the focus remains a logical approach the detailed measurement of building elements and copious use of examples to guide the student. The text has been fully revised in line with the NRM guidance and includes many new and revised examples illustrating the use of NRM. The hallmarks of previous editions – clarity and practicality – are maintained, while ensuring the book is fully up to date, providing the student of quantity surveying with a first class introduction to the measurement of building elements.
650 #7 - SUBJECT ADDED ENTRY--TOPICAL TERM
Topical term or geographic name entry element MEASUREMENT
650 #7 - SUBJECT ADDED ENTRY--TOPICAL TERM
Topical term or geographic name entry element QUANTITY SURVEYING
942 ## - ADDED ENTRY ELEMENTS (KOHA)
Source of classification or shelving scheme Dewey Decimal Classification

No items available.